Komparácia ekonomických prínosov v podobe výdavkov vybraných účastníkov MICE v krajinách V4
Porovnanie ekonomických prínosov v podobe výdavkov vybraných účastníkov MICE v krajinách V4. Postavenie krajín V4 vo svete MICE z aspektu zrealizovaných MICE podujatí. Výdavky korporátnych účastníkov MICE v krajinách V4 v kontraste s výdavkami bežných účastníkov cestovného ruchu.
Enregistré dans:
| Auteur principal: | |
|---|---|
| Autres auteurs: | |
| Format: | Chapitre de livre |
| Langue: | slovaque |
| Sujets: | |
| Tags: |
Pas de tags, Soyez le premier à ajouter un tag!
|
MARC
| LEADER | 00000naa a2200000 4500 | ||
|---|---|---|---|
| 001 | 0280378 | ||
| 005 | 20240502074343.1 | ||
| 041 | 0 | |a slo | |
| 044 | |a SK | ||
| 245 | 1 | 0 | |a Komparácia ekonomických prínosov v podobe výdavkov vybraných účastníkov MICE v krajinách V4 |c Lenka Zemanová, Alexander Frasch |
| 520 | |a Porovnanie ekonomických prínosov v podobe výdavkov vybraných účastníkov MICE v krajinách V4. Postavenie krajín V4 vo svete MICE z aspektu zrealizovaných MICE podujatí. Výdavky korporátnych účastníkov MICE v krajinách V4 v kontraste s výdavkami bežných účastníkov cestovného ruchu. | ||
| 610 | 2 | 0 | |a ruch cestovný |
| 610 | 2 | 0 | |a kongresy |
| 610 | 2 | 0 | |a benefity |
| 610 | 2 | 0 | |a Vyšehradská štvorka |
| 100 | 1 | |a Zemanová, Lenka, 1995- | |
| 700 | 1 | |a Frasch, Alexander, 1992- | |